000 00509nam a2200181 a 4500
001 2826
005 20140414131955.0
008 051021s19uu xx 00 eng d
020 _a0-15-320706-X
050 _aTR 372.7
_bMa42 G1
245 _aHarcourt math: family involment activities, grade 1 :
_bEnglish.
250 _aCalifornia ed.
260 _aOrlando :
_bHarcourt .
300 _axviii, 139 p. ; cm.
440 _aHarcourt Math.
650 _aMathematics
_xJuvenile literature.
999 _c112888
_d112888